01123nam a2200313Ia 4500001001200000003000800012006001900020007001500039008004100054020001800095020002200113020001500135020002200150040002100172035002100193050002400214100002200238245007400260260004000334300001900374504005000393533015200443650001300595650001200608655002900620710001700649856012600666999001700792ebr10256804CaPaEBRm u cr cn|||||||||030415s2003 enka sb 001 0 eng d z9780761967606 z0761972331 (pbk.) z0761972323 z0761967613 (pbk.) aCaPaEBRcCaPaEBR a(OCoLC)29485521514aG155.A1bF73 2003eb1 aFranklin, Adrian.10aTourismh[electronic resource] :ban introduction /cAdrian Franklin. aLondon :bSAGE Publications,c2003. a296 p. :bill. aIncludes bibliography (p. 281-291) and index. aElectronic reproduction.bPalo Alto, Calif. :cebrary,d2009.nAvailable via World Wide Web.nAccess may be limited to ebrary affiliated libraries. 0aTourism. 0aTravel. 7aElectronic books.2local2 aebrary, Inc.40uhttp://site.ebrary.com/lib/rucke/Doc?id=10256804zAn electronic book accessible through the World Wide Web; click to view c13397d13397